Statistiken für Assassin's Creed Reihe

Klicken Sie hier um das Quiz zu spielen!

Allgemein

  • Dieses Quiz wurde 237 mal gespielt
    (171 seit der letzten Aktualisierung)
  • Das Durchschnittsergebnis liegt bei 13 aus 25

Antwortstatistiken

JahrSpielHandlungsort% Korrekt
2013Assassin's Creed IV: Black FlagKaribik
95%
2007Assassin's CreedHeiliges Land
88%
2020Assassin's Creed ValhallaSkandinavien / England / Vinland / Irland / Paris
88%
2009Assassin's Creed IIFlorenz und Norditalien
83%
2017Assassin's Creed OriginsAltes Ägypten
83%
2014Assassin's Creed UnityParis
82%
2010Assassin's Creed: BrotherhoodRom
81%
2012Assassin's Creed IIIDreizehn Kolonien
78%
2018Assassin's Creed OdysseyAntikes Griechenland
77%
2015Assassin's Creed SyndicateLondon
77%
2011Assassin's Creed: RevelationsOsmanisches Reich
62%
2023Assassin's Creed MirageBagdad
58%
2014Assassin's Creed RogueNordamerika
53%
2024Assassin's Creed: Codename RedJapan
46%
2015Assassin's Creed Chronicles: ChinaKaiserreich China
42%
2016Assassin's Creed Chronicles: RussiaSowjetrussland
38%
2026Assassin's Creed: Codename HexeHeiliges Römisches Reich
38%
2012Assassin's Creed III: LiberationNew Orleans und Bayous von Louisiana
37%
2016Assassin's Creed Chronicles: IndiaAmritsar
33%
2013Assassin's Creed PiratesKaribik
17%
2018Assassin's Creed RebellionSpanien
13%
2009Assassin's Creed: BloodlinesHeiliges Land
11%
2008Assassin's Creed: Altaïr's ChroniclesHeiliges Land
9%
2009Assassin's Creed II: DiscoveryVenedig und Spanien
9%
2016Assassin's Creed IdentityItalien
8%

Verteilung der Resultate

Perzentil nach korrekt beantworteten Fragen

Anzahl Personen mit jedem Resultat

Ihre Resultats-Entwicklung

Sie haben dieses Quiz seit der letzten Aktualisierung nicht gespielt